000 00626nam a22002297a 4500
999 _c12087
_d12087
001 12087
003 BD-JhCC
005 20210314100503.0
008 210314s2015 ii |||| |||| 000 0 eng d
020 _a9789332546981
035 _a(BD-JhCC)12087
040 _aBD-JhCC
_dBD-JhCC
041 _aeng
082 _a510
_bKHA 2015
100 _aKhattar, Dinesh
245 _aPearson Guide to Quantitative Aptitude for MBA Entrance Examinations /
_cDinesh Khattar
250 _a4th ed.
260 _aNew Delhi :
_bPearson ,
_c2015
300 _av, various pages.
_bill. ;
_c25 cm.
650 _aMathematics
942 _2ddc
_cBK